000
00260nam a22001097a 4500
008
170111b xxu||||| |||| 00| 0 eng d
020
_a
9780801641077
041
_a
eng
080
_2
2ND
_a
618.2
245
_a
MEDICAL-SURGICAL NURSING
_c
SANDS, J.K
942
_2
udc
_c
BK
999
_c
2709
_d
2709